थिएटर / (Record no. 12901)
[ view plain ]
| 000 -LEADER | |
|---|---|
| fixed length control field | 01236 a2200265 4500 |
| 005 - DATE AND TIME OF LATEST TRANSACTION | |
| control field | 20180703152235.0 |
| 008 - FIXED-LENGTH DATA ELEMENTS--GENERAL INFORMATION | |
| fixed length control field | 081117t xxu||||| |||| 00| 0 hin d |
| 010 ## - LCCN (DPL NO) | |
| LC control number | B-307373-377 HIN-109310 |
| 020 ## - INTERNATIONAL STANDARD BOOK NUMBER | |
| Terms of availability | 120.00 |
| International Standard Book Number | 8185127697 |
| 035 ## - SYSTEM CONTROL NUMBER | |
| System control number | B-307373-377 HN-81656, B-307373 |
| 037 ## - SOURCE OF ACQUISITION | |
| Source of stock number/acquisition | वाणी प्रका. |
| 040 ## - CATALOGING SOURCE | |
| Original cataloging agency | DBAD/PUB |
| Language of cataloging | hn |
| 082 ## - DEWEY DECIMAL CLASSIFICATION NUMBER | |
| Classification number | क |
| 100 ## - MAIN ENTRY--PERSONAL NAME | |
| Personal name | शाह, रमेशचंद्र |
| 245 ## - TITLE STATEMENT | |
| Title | थिएटर / |
| Statement of responsibility, etc | रमेशचंद्र शाह |
| 260 ## - PUBLICATION, DISTRIBUTION, ETC. (IMPRINT) | |
| Place of publication, distribution, etc | बीकानेर |
| Name of publisher, distributor, etc | वाग्देवी प्रकाशन |
| Date of publication, distribution, etc | 1998 |
| 260 ## - PUBLICATION, DISTRIBUTION, ETC. (IMPRINT) | |
| Place of publication, distribution, etc | नई दिल्ली |
| Name of publisher, distributor, etc | वाणी प्रकाशन (वितरक) |
| 270 ## - ADDRESS | |
| Address | सुगन निवास, चन्दसागर |
| City | बीकानेर |
| State or province | (राज.) |
| Postal code | 334001 |
| 270 ## - ADDRESS | |
| Address | 21-ए दरियागंज |
| City | नई दिल्ली |
| 300 ## - PHYSICAL DESCRIPTION | |
| Extent | 135पृ |
| Dimensions | 22 सेमी (सजिल्द) |
| 650 ## - SUBJECT ADDED ENTRY--TOPICAL TERM | |
| Topical term or geographic name as entry element | हिन्दी कहानियाँ |
| 650 ## - SUBJECT ADDED ENTRY--TOPICAL TERM | |
| Topical term or geographic name as entry element | Hindi Stories |
| 942 ## - ADDED ENTRY ELEMENTS (KOHA) | |
| Institution code [OBSOLETE] | dpl |
| Item type | Hindi Books |
| Call number prefix | क / शाहर |
| Source of classification or shelving scheme | Dewey Decimal Classification |
| Classification part | क |
| Call number suffix | शहर |
| Withdrawn status | Lost status | Source of classification or shelving scheme | Damaged status | Not for loan | Collection code | Home library | Current library | Date acquired | Source of acquisition | Cost, normal purchase price | Total Checkouts | Full call number | Barcode | Date last seen | Copy number | Cost, replacement price | Koha item type |
|---|---|---|---|---|---|---|---|---|---|---|---|---|---|---|---|---|---|
| Dewey Decimal Classification | Not For Loan | Non-fiction | D.B.Act.Division | Bawana | 21/09/2016 | DBAD/PUB | 160.00 | क शाहर | HN-81656 | 21/09/2016 | 1 | 160.00 | Hindi Books | ||||
| Dewey Decimal Classification | Fiction | Patel Nagar | Patel Nagar | 17/11/2008 | वाणी प्रकाशन/221/4.10.08/441/4.9.08/10.11.08 | 120.00 | 1 | क शहर | B-307373 | 23/08/2018 | 1 | 120.00 | Hindi Books | ||||
| Dewey Decimal Classification | Fiction | Patel Nagar | Patel Nagar | 17/11/2008 | वाणी प्रकाशन/221/4.10.08/441/4.9.08/10.11.08 | 120.00 | क शहर | B-307374 | 17/11/2008 | 1 | 120.00 | ||||||
| Dewey Decimal Classification | Fiction | Karol Bagh | Patel Nagar | 17/11/2008 | वाणी प्रकाशन/221/4.10.08/441/4.9.08/10.11.08 | 120.00 | क शहर | B-307376 | 17/11/2008 | 1 | 120.00 | ||||||
| Dewey Decimal Classification | Fiction | Sarojini Nagar | Sarojini Nagar | 17/11/2008 | वाणी प्रकाशन/221/4.10.08/441/4.9.08/10.11.08 | 120.00 | क शहर | B-307375 | 17/11/2008 | 1 | 120.00 | ||||||
| Dewey Decimal Classification | Fiction | Shahdara Branch | Shahdara Branch | 17/11/2008 | वाणी प्रकाशन/221/4.10.08/441/4.9.08/10.11.08 | 120.00 | 1 | क शहर | B-307377 | 25/08/2019 | 1 | 120.00 |
